000
00189 a2200097 4500
020
_a
9788483430125
041
_a
spa
100
_a
Jess͠ Ballaz
245
_a
El regalo del ro̕
942
_c
BK
999
_c
28994
_d
28992